Pravitel'stvo predlagajet programmu uglublenija ekonomičeskich reform.
Hlavné smery reformných aktivít ruskej vlády. Liberalizácia vonkajšej ekonomickej činnosti. Otvorenie ekonomiky. Platobná bilancia. Možná dynamika obchodnej bilancie. Prognóza tovarového exportu a importu. Pohyb kapitálu. Rozvoj finančného trhu. Zahraničné úvery a investície.
Gespeichert in:
| Format: | Buchkapitel |
|---|---|
| Sprache: | Russisch |
| Schlagworte: | |
| Tags: |
Keine Tags, Fügen Sie das erste Tag hinzu!
|
MARC
| LEADER | 00000naa a2200000 4500 | ||
|---|---|---|---|
| 001 | r011568 | ||
| 005 | 20221130113258.5 | ||
| 041 | 0 | |a rus | |
| 044 | |a [SU] | ||
| 245 | 1 | 0 | |a Pravitel'stvo predlagajet programmu uglublenija ekonomičeskich reform. |
| 520 | |a Hlavné smery reformných aktivít ruskej vlády. Liberalizácia vonkajšej ekonomickej činnosti. Otvorenie ekonomiky. Platobná bilancia. Možná dynamika obchodnej bilancie. Prognóza tovarového exportu a importu. Pohyb kapitálu. Rozvoj finančného trhu. Zahraničné úvery a investície. | ||
| 610 | 2 | 0 | |a reformy hospodárske |
| 610 | 2 | 0 | |a Rusko |
| 610 | 2 | 0 | |a bilancia obchodná |
| 610 | 2 | 0 | |a dovoz |
| 610 | 2 | 0 | |a liberalizácia |
| 610 | 2 | 0 | |a vývoz |
| 610 | 2 | 0 | |a trh finančný |
| 610 | 2 | 0 | |a úver zahraničný |
| 610 | 2 | 0 | |a pohyb kapitálu |
| 610 | 2 | 0 | |a investície zo zahraničia |